| 000 | 00741nam a2200205Ia 4500 | ||
|---|---|---|---|
| 003 | PE SENCICO BE | ||
| 005 | 20251020182426.0 | ||
| 008 | 200515s9999 xx 000 0 und d | ||
| 040 |
_aPE SENCICO BE _cPE SENCICO BE |
||
| 041 | _aspa | ||
| 082 |
_aR 025.48 _bC4 |
||
| 110 | 1 |
_aCentro Interamericano de Investigación y Documentación sobre Formación Profesional _92178 |
|
| 245 | 1 | 0 |
_aTesauro de la formación profesional / _cCentro Interamericano de Investigación y Documentación sobre Formación Profesional |
| 260 |
_aMontevideo : _bOficina Internacional del Trabajo ; _c1979 |
||
| 300 |
_a2 v. : _c23 cm. |
||
| 650 | 1 | _aPUB CINTERFOR | |
| 650 | 2 | 0 |
_aTesauros _92252 |
| 650 | 2 | 0 |
_aFormación profesional _91311 |
| 942 |
_cLIB _2ddc |
||
| 999 |
_c108 _d108 |
||